<?xml version="1.0" encoding="UTF-8"?>
<collection xmlns:xsi="http://www.w3.org/2001/XMLSchema-instance" xsi:schemaLocation="http://www.loc.gov/MARC21/slim http://www.loc.gov/standards/marcxml/schema/MARC21slim.xsd" xmlns="http://www.loc.gov/MARC21/slim">
 <record>
  <leader>00000cam a22000004a 4500</leader>
  <controlfield tag="001">UP-99796217602301363</controlfield>
  <controlfield tag="003">Buklod</controlfield>
  <controlfield tag="005">20230503092542.0</controlfield>
  <controlfield tag="006">m    |o  d |      </controlfield>
  <controlfield tag="007">ta</controlfield>
  <controlfield tag="008">020311s1974    xx      r    |||| u|eng d</controlfield>
  <datafield tag="035" ind1=" " ind2=" ">
   <subfield code="a">(iLib)UPD-00000120328</subfield>
  </datafield>
  <datafield tag="040" ind1=" " ind2=" ">
   <subfield code="a">DARC</subfield>
  </datafield>
  <datafield tag="041" ind1="0" ind2=" ">
   <subfield code="a">eng</subfield>
  </datafield>
  <datafield tag="042" ind1=" " ind2=" ">
   <subfield code="a">DMLUC</subfield>
  </datafield>
  <datafield tag="090" ind1=" " ind2=" ">
   <subfield code="a">HV 1559 P5</subfield>
   <subfield code="b">D57</subfield>
  </datafield>
  <datafield tag="245" ind1="0" ind2="4">
   <subfield code="a">The disabled in nation building</subfield>
   <subfield code="b">report of the first National Conference on the Rehabilitation of the Disabled, Quezon City, December 12-14, 1974</subfield>
   <subfield code="c">edited by Bonifacio L. Amor.</subfield>
  </datafield>
  <datafield tag="264" ind1=" " ind2="1">
   <subfield code="a">Makati</subfield>
   <subfield code="b">Philippine Foundation for the Rehabilitation of Disabled</subfield>
   <subfield code="c">1974.</subfield>
  </datafield>
  <datafield tag="300" ind1=" " ind2=" ">
   <subfield code="a">183 p.</subfield>
   <subfield code="b">ill.</subfield>
  </datafield>
  <datafield tag="505" ind1="0" ind2=" ">
   <subfield code="a">Foreword : toward the future / Deogracias J. Tablan -- PFRD Board of Directors -- I. Challenge and response -- Presidential Proclamation no. 1323 -- Introduction : the challenge of disability / Bonifacio L. Amor -- Decade of rehabilitation declaration -- II. Policy and program choices : conference addresses  -- Lord, guide us / Ustaz Watteau D. Ibrahim -- Opening the way / Reynaldo Gregorio -- Moving forward as partners / Charlotte A. Floro -- The needs and problems of the disabled / H. Paul Messmer -- Programs and projections of the Department of Health in relation to the rehabilitation of the disabled / Clemente S. Gatmaitan -- Programs and projections of the Department of Social Welfare in relation to the rehabilitation of the disabled / Estefania Aldaba Lim -- Programs and projections of the Department of Education and Culture in relation to the rehabilitation of the disabled / Juan L. Manuel -- Programs and projections of the Department of Labor in relation to the rehabilitation of the disabled / Amado G. Inciong -- The road ahead / Harry S.Y. Fang -- III. Agents and aspects of change : special topics -- The disabled in Philippine culture / Lourdes Lapuz -- How the disabled perceives himself / Feliciano F. Miraviti -- The parents of the disabled speak / Antonia Repotente -- The rehabilitation of a cerebral palsied child - a case report -- Medical report / Deogracias J. Tablan -- Social case history / Marietta Cruz -- Psychological evaluation / Aurora G. Zapata -- Occupational therapy report / Corazon Tablan Santos -- Physical therapy report / Ma. Asuncion S.A. Miranda -- Speech therapy report / Danila Regina I. Fojas -- Special education report / Delia L. Crisol -- Vocational training report / Juliet Aganon -- Prompting community awareness of architectural barriers / Carlos D. Arguelles -- The rehabilitated cardiac in industry / Homobono J. Calleja -- Group dynamics - a means of coming to terms with disability / Venancio S. Calpotura -- Sex and the disabled / Vicente Rosales -- IV. Problems and promises : commission reports -- Medical rehabilitation / Tyrone M. Reyes -- Psychiatric rehabilitation / Romualdo S. Anselmo -- Social rehabilitation / Evelina A. Pangalangan -- Education / Sergia G. Esguerra -- Vocational rehabilitation / Maria Paz B. Arzaga -- V. Goals and gains : committee reports -- Evaluation and resolution / Luvimin A. Custodio -- Technical exhibit / Guillermo Damian -- Awards / Leandro V. Uyguanco -- Registration / Matilde S. Valdes -- VI. For the record : appendices -- The future can be ours / Charlotte A. Floro -- Messages -- Conference program -- Conference directorate -- Conference delegates -- Memorandum Circular no. 774 -- Participating organizations -- Certificate of appreciation -- VII. Retrospect and prospect -- Conclusion : and now - tomorrow / Bonifacio L. Amor -- Acknowledgment -- About the editor.</subfield>
  </datafield>
  <datafield tag="650" ind1=" " ind2="0">
   <subfield code="a">Handicapped</subfield>
   <subfield code="x">Rehabilitation</subfield>
   <subfield code="z">Philippines.</subfield>
  </datafield>
  <datafield tag="650" ind1=" " ind2="0">
   <subfield code="a">Handicapped</subfield>
   <subfield code="x">Institutional care</subfield>
   <subfield code="z">Philippines.</subfield>
  </datafield>
  <datafield tag="700" ind1="1" ind2=" ">
   <subfield code="a">Amor, Bonifacio L.</subfield>
  </datafield>
  <datafield tag="711" ind1="2" ind2=" ">
   <subfield code="a">National Conferece on the Rehabilitation of the Disabled</subfield>
   <subfield code="c">Quezon City).</subfield>
   <subfield code="d">1974</subfield>
   <subfield code="n">(1st.</subfield>
  </datafield>
  <datafield tag="842" ind1=" " ind2=" ">
   <subfield code="a">Book</subfield>
  </datafield>
  <datafield tag="905" ind1=" " ind2=" ">
   <subfield code="a">FI</subfield>
  </datafield>
  <datafield tag="950" ind1=" " ind2=" ">
   <subfield code="a">Meeting document</subfield>
  </datafield>
  <datafield tag="852" ind1="0" ind2=" ">
   <subfield code="a">UPD</subfield>
   <subfield code="b">DARC</subfield>
   <subfield code="h">HV 1559 P5 D57</subfield>
  </datafield>
  <datafield tag="852" ind1="0" ind2=" ">
   <subfield code="a">UPD</subfield>
   <subfield code="b">DEDUC</subfield>
   <subfield code="h">HV 1559 P5</subfield>
   <subfield code="i">D57</subfield>
  </datafield>
  <datafield tag="852" ind1="0" ind2=" ">
   <subfield code="a">UPD</subfield>
   <subfield code="b">DMLF</subfield>
   <subfield code="h">HV 1559 P5</subfield>
   <subfield code="i">D57</subfield>
  </datafield>
  <datafield tag="852" ind1="0" ind2=" ">
   <subfield code="a">UPMNL</subfield>
   <subfield code="b">CAMP</subfield>
   <subfield code="h">HV 1559</subfield>
   <subfield code="i">P5 D57 1974</subfield>
  </datafield>
  <datafield tag="942" ind1=" " ind2=" ">
   <subfield code="a">Book</subfield>
  </datafield>
 </record>
</collection>
